000
00310nam a2200121Ia 4500
005
20251222155126.0
008
251222s9999||||xx |||||||||||||| ||spa||
082
_a
MEQ.194
100
_a
CICAT - SALU
245
0
_a
Intervención del técnico de enfermería en áreas críticas
264
_b
Cicat
942
_c
LIB
999
_c
38620
_d
38620